| 000 | 01195cam a22003134a 4500 | ||
|---|---|---|---|
| 001 | 13290116 | ||
| 003 | OSt | ||
| 005 | 20140310181725.0 | ||
| 008 | 030725s2004 maua b 001 0 eng | ||
| 010 | _a 2003016384 | ||
| 020 | _a1591392896 (pbk.) | ||
| 020 | _a9781422118689 (hbk.) | ||
| 040 |
_aDLC _cDLC _dDLC |
||
| 042 | _apcc | ||
| 050 | 0 | 0 |
_aHD 31 _b.H3496 2007 |
| 082 | 0 | 0 |
_aIB 658 _bH26 2007 |
| 245 | 0 | 0 |
_aHarvard business essentials : _bmanager's toolkit, the 13 skills managers need to succeed / |
| 246 | 3 | 0 | _aManager's toolkit |
| 260 |
_aBoston, Mass. : _bHarvard Business School Press, _c2007. |
||
| 300 |
_axvii, 328 p. : _bill. ; _c24 cm. |
||
| 440 | 0 | _aHarvard business essentials series | |
| 650 | 0 | _aManagement. | |
| 650 | 0 | _aSupervision of employees. | |
| 856 | 4 | 1 |
_3Table of contents _uhttp://www.loc.gov/catdir/toc/ecip047/2003016384.html |
| 906 |
_a7 _bcbc _corignew _d1 _eecip _f20 _gy-gencatlg |
||
| 942 |
_2lcc _cBK |
||
| 999 |
_c2179 _d2179 |
||